Normal view
MARC view
- PRAVEENA N
Entry Personal Name
001 - CONTROL NUMBER
- control field: 3496
003 - CONTROL NUMBER IDENTIFIER
- control field: OSt
005 - DATE AND TIME OF LATEST TRANSACTION
- control field: 20181001122452.0
008 - FIXED-LENGTH DATA ELEMENTS
- fixed length control field: 181001|| aca||aabn | a|a d
040 ## - CATALOGING SOURCE
- Original cataloging agency: OSt
- Transcribing agency: OSt
100 ## - HEADING--PERSONAL NAME
- Personal name: PRAVEENA N
670 ## - SOURCE DATA FOUND
- Source citation: Work cat.: (OSt)15119: PRAVEENA N, Development and quality evaluation of retort pouch packed tender jackfruit (Artocarpus heterophyllus L.)
